Score 0/26 Timer 03:00
1 Play Today
TV Show Missing Word % Correct
________ IdolAmerican
99.4%
________ AnatomyGrey’s
97.6%
________ ShoreJersey
94.5%
________ GuyFamily/The Fall
93.7%
________ Tree HillOne
93%
________ of EngagementRules
92.4%
________ of AnarchySons
87.4%
________: Warrior PrincessXena
85.1%
________ DaysHappy
84.9%
________ in SpaceLost/Lloyd
84%
________ NoticeBurn
83.8%
________ WhoDoctor
82.9%
________ MakeoverExtreme
81.8%
TV Show Missing Word % Correct
________, Texas RangerWalker
80.9%
________ MenMad
79.7%
________ WolfTeen
78.8%
________ RunwayProject
76.7%
________ RiderKnight
76.4%
________ ChefIron
76.1%
________ BossUndercover
74.6%
________ GirlNew
68.9%
________ MarsVeronica
67.7%
________ TownCougar
65.6%
________ Gabba GabbaYo
61.9%
________, M.E.Quincy
50.3%
________ 101Zoey
48.6%

Today's Daily Dose

Missing Word
Boxers

Quick Pick
Rise or Fall?

Get the Picture
A ‘B’ in Disney

You're not logged in!

Compare scores with friends on all Sporcle quizzes.
OR
Log In

Sporcle TV

Today on Sporcle TV


Watch our educational content, quiz creation guides, and fun videos on Sporcle TV.

Show Comments

Extras

Top Quizzes Today


Score Distribution

Paid Content

Your Account Isn't Verified!

In order to create a playlist on Sporcle, you need to verify the email address you used during registration. Go to your Sporcle Settings to finish the process.

Report this User

Report this user for behavior that violates our Community Guidelines.

Details: